Horský hotel

Guardado en:
Detalles Bibliográficos
Autor principal: Simondelová, Michala (Autor)
Otros Autores: Hraška, Jozef (Orientador)
Formato: Manuscrito Libro
Lenguaje:eslovaco
Publicado: 2016
Materias:
Acceso en línea:http://is.stuba.sk/zp/portal_zp.pl?podrobnosti=118288
https://opac.crzp.sk/?fn=detailBiblioForm&sid=A86BEDB9942C84EDDB97358BE596
Etiquetas: Agregar Etiqueta
Sin Etiquetas, Sea el primero en etiquetar este registro!

MARC

LEADER 00000ntm a22000003a 4500
001 stuzp56866
003 SK-STU
005 20231004150252.7
007 ta
008 150427s2015----xo-----f-mn---000-0-slo-d
040 |a STU  |b slo 
041 0 |a slo 
100 1 |a Simondelová, Michala  |u 010180  |4 aut  |U SvF Stavebná fakulta  |T SvF Katedra konštrukcií pozemných stavieb  |X 67599  |U V180  |Y 18  |7 A000067599 
242 0 1 |a Mountain hotel  |y eng 
245 1 0 |a Horský hotel 
260 |c 2016 
650 4 |a Hotel  |2 slo 
650 4 |a Ubytovanie  |2 slo 
650 4 |a Wellness  |2 slo 
650 4 |a Wellness  |2 eng 
650 4 |a Hotel  |2 eng 
650 4 |a Accommodation  |2 eng 
700 1 |a Hraška, Jozef  |u 010180  |k Z1  |4 ths  |U SvF Stavebná fakulta  |T SvF Katedra konštrukcií pozemných stavieb  |X 899  |U V180  |Y 18  |7 A000000899 
856 4 |u http://is.stuba.sk/zp/portal_zp.pl?podrobnosti=118288 
856 4 |u https://opac.crzp.sk/?fn=detailBiblioForm&sid=A86BEDB9942C84EDDB97358BE596 
SQL |a stuzp56866  |b DDP  |c SLO  |d Horský hotel  |e 67599  |f Simondelová, Michala  |g 010180  |h 899  |i Hraška, Jozef  |j 20160616  |k 8  |l 01  |m http://is.stuba.sk/zp/portal_zp.pl?podrobnosti=118288  |n I-AKP  |o 5.1.4. pozemné stavby